Ekonomické úspechy rozvíjajúcich sa krajín (emerging countries) menia ekonómiu globálneho sveta

Úspechy sociálno-ekonomického rozvoja rozvíjajúcich sa krajín majú za následok rast spotreby a kvality života celej globálnej ekonomiky. Zvýšená spotreba potravín v krajinách bývalého tretieho sveta, najmä v Číne a Indii, vyvoláva až zdvojnásobenie cien potravín a následkom ich globálneho nedostatku...

Descrizione completa

Salvato in:
Dettagli Bibliografici
Autore principale: Balhar, Víťazoslav
Natura: Capitolo di libro
Lingua:slovacco
Soggetti:
Tags: Aggiungi Tag
Nessun Tag, puoi essere il primo ad aggiungerne!!

MARC

LEADER 00000naa$a2200000$$$4500
001 0088457
005 20240502072007.0
041 0 |a slo 
044 |a SK 
245 1 0 |a Ekonomické úspechy rozvíjajúcich sa krajín (emerging countries) menia ekonómiu globálneho sveta  |c Víťazoslav Balhar 
520 |a Úspechy sociálno-ekonomického rozvoja rozvíjajúcich sa krajín majú za následok rast spotreby a kvality života celej globálnej ekonomiky. Zvýšená spotreba potravín v krajinách bývalého tretieho sveta, najmä v Číne a Indii, vyvoláva až zdvojnásobenie cien potravín a následkom ich globálneho nedostatku až hrozby hladu na celej planéte. Zvýšený dopyt po energiách, najmä ropných produktov, znamená raketový rast ceny ropy. Ide o trvalý, zásadne nový fenomén globalizácie sveta, ktorý treba neodkladne riešiť. 
610 2 0 |a rast hospodársky 
610 2 0 |a globalizácia 
610 2 0 |a krajiny rozvojové 
610 2 0 |a zdroje energetické 
610 2 0 |a ropa 
610 2 0 |a ceny 
610 2 0 |a potraviny 
610 2 0 |a spotreba 
610 2 0 |a kríza 
100 1 |a Balhar, Víťazoslav